000 00564nam a22002417a 4500
003 UA-OsUOA
001 37171
007 ta
008 20060224b un ||||| |||| 00| 0 ukr d
100 _aMarsel Proust
090 _a821.162.1
942 _cBK
040 _aUA-OsUOA
_bpol
_cUA-OsUOA
_dUA-OsUOA
245 _aCervantes
300 _a218 с.
955 _a3
041 _apol
080 _a821.162.1
260 _aKrakov
_c1976
246 3 1 _a2
_nNowele
650 7 _a82 Література. Літературознавство
_2UDC
999 _c323375
_d323375